000 00900nam a2200265Ia 4500
003 OSt
005 20220923211002.0
006 a|||||r|||| 00| 0
007 ta
008 220922b |||||||| |||| 00| 0 hin d
020 _a8170163943 (hbk)
_c200
024 _a273,276
037 _b23061, 16/08/2013, Kitab Ghar
_cTextual
040 _aARTS
_cARTS
_bhin
041 _2hin
_ahin
082 _aY:45:61, 152Q1
100 _aस्वामी, मीनाक्षी
_9156292
245 0 _aपुलिस और समाज
246 _aPulis aur samāja
260 _aदिल्ली
_b किताबघर
_c2011
300 _a128पृ.
_ccm.
650 _aभारतीय-लोक साहित्य
_9156846
942 _hY:45:61, 152Q1
_cTEXL
_2CC
999 _c293531
_d293531